00776 2200241 4500001002100000005001500021035002000036007000300056008004100059020002200100082001000122084001600132100005500148245017200203250001000375260004500385300002800430650001700458700001700475700002000492990001100512990001100523INLIS00000000000355120190625024300 a0010-0619000095ta190625 g 0 ind  a978-602-61392-3-8 a297.5 a297.5 ABD s0 aABDUS, Salam bin Barjas bin Nashir Alu Abdil karim1 aSebarkan Salam :bKiat Mudah Menjaga Kasih Sayang dan Ukhuwah /cAbdus Salam bin Barjas bin Nashir Alu Abdil karim; penerjemah, Agus Ma'mun; editor isi, Ruslan Nurhadi acet.1 aDepok :bPustaka Khazanah Fawa'id,c2017 axiii, 139 hlm. ;c21 cm 4aISLAM.AKHLAK0 aAGUS, Ma'mun0 aRUSLAN, Nurhadi a6827 a a6827 b